|
|
|
|
| LEADER |
02281nam a2200589 i 4500 |
| 001 |
nkc20162786042 |
| 003 |
CZ PrNK |
| 005 |
20160601091750.0 |
| 007 |
ta |
| 008 |
160323s2016 xr e f 000 0 cze |
| 015 |
|
|
|a cnb002786042
|
| 020 |
|
|
|a 978-80-87601-35-8
|q (brožováno)
|
| 035 |
|
|
|a (OCoLC)951553085
|
| 040 |
|
|
|a OLA001
|b cze
|e rda
|
| 043 |
|
|
|a e-xr---
|
| 072 |
|
7 |
|a 37
|x Výchova a vzdělávání
|2 Konspekt
|9 22
|
| 080 |
|
|
|a 378.14
|2 MRF
|
| 080 |
|
|
|a 37.0:005.6
|2 MRF
|
| 080 |
|
|
|a 159.953.5
|2 MRF
|
| 080 |
|
|
|a 37.011/.012
|2 MRF
|
| 080 |
|
|
|a (437.3)
|2 MRF
|
| 080 |
|
|
|a (035)
|2 MRF
|
| 100 |
1 |
|
|a Dobrovolná, Julie,
|d 1979-
|7 xx0106895
|4 aut
|
| 245 |
1 |
0 |
|a Využití výsledků učení na vysokých školách :
|b příručka pro pedagogickou praxi a vedení VŠ /
|c Julie Bienertová-Vašků, Václav Cejpek, Tatiana Gavalcová, Eva Pasáčková, Radko Rajmon, Lenka Valová
|
| 246 |
3 |
0 |
|a Příručka pro pedagogickou praxi a vedení VŠ
|
| 264 |
|
1 |
|a Praha :
|b Ministerstvo školství, mládeže a tělovýchovy,
|c 2016
|
| 300 |
|
|
|a 69 stran ;
|c 21 cm
|
| 336 |
|
|
|a text
|b txt
|2 rdacontent
|
| 337 |
|
|
|a bez média
|b n
|2 rdamedia
|
| 338 |
|
|
|a svazek
|b nc
|2 rdacarrier
|
| 500 |
|
|
|a Terminologický slovník
|
| 500 |
|
|
|a 500 výtisků
|
| 504 |
|
|
|a Obsahuje bibliografii a bibliografické odkazy
|
| 650 |
0 |
7 |
|a vysokoškolské studium
|7 ph127279
|z Česko
|2 czenas
|
| 650 |
0 |
7 |
|a kvalita vzdělávání
|7 ph807142
|2 czenas
|
| 650 |
0 |
7 |
|a učení
|7 ph126979
|2 czenas
|
| 650 |
0 |
7 |
|a pedagogická evaluace
|7 ph115701
|2 czenas
|
| 650 |
0 |
9 |
|a college study
|z Czechia
|2 eczenas
|
| 650 |
0 |
9 |
|a quality of education
|2 eczenas
|
| 650 |
0 |
9 |
|a learning
|2 eczenas
|
| 650 |
0 |
9 |
|a educational evaluation
|2 eczenas
|
| 655 |
|
7 |
|a příručky
|7 fd133209
|2 czenas
|
| 655 |
|
9 |
|a handbooks and manuals
|2 eczenas
|
| 700 |
1 |
|
|a Cejpek, Václav,
|d 1953-
|7 jn20000400361
|4 aut
|
| 700 |
1 |
|
|a Gavalcová, Tatiana,
|d 1943-
|7 jo2002159576
|4 aut
|
| 700 |
1 |
|
|a Pasáčková, Eva,
|d 1947-
|7 mzk2002142183
|4 aut
|
| 700 |
1 |
|
|a Rajmon, Radko,
|d 1968-
|7 mzk2004246444
|4 aut
|
| 700 |
1 |
|
|a Valová, Lenka,
|d 1954-
|7 mzk2004217538
|4 aut
|
| 910 |
2 |
|
|a BOA001
|b 2-1367.341
|
| 990 |
|
|
|a BK
|
| 995 |
|
|
|a 01
|
| 996 |
6 |
|
|b 2610669963
|c 2-1367.341
|l MZK
|r Sklad / do 1 hodiny
|n 2
|p p.v.
|w 001560167
|u 000010
|a 1
|e BOA001
|j MZK50
|s P
|